<?xml version="1.0" encoding="UTF-8"?>
<record
    xmlns:xsi="http://www.w3.org/2001/XMLSchema-instance"
    xsi:schemaLocation="http://www.loc.gov/MARC21/slim http://www.loc.gov/standards/marcxml/schema/MARC21slim.xsd"
    xmlns="http://www.loc.gov/MARC21/slim">

  <leader>00624nam a22001937a 4500</leader>
  <controlfield tag="005">20220405151345.0</controlfield>
  <controlfield tag="008">220405b           ||||| |||| 00| 0 eng d</controlfield>
  <datafield tag="020" ind1=" " ind2=" ">
    <subfield code="a">978 9389546842 </subfield>
  </datafield>
  <datafield tag="040" ind1=" " ind2=" ">
    <subfield code="c">AIMIT LIBRARY</subfield>
  </datafield>
  <datafield tag="082" ind1=" " ind2=" ">
    <subfield code="2">44</subfield>
    <subfield code="a">336.294 </subfield>
    <subfield code="b">DATV</subfield>
  </datafield>
  <datafield tag="100" ind1=" " ind2=" ">
    <subfield code="a">Datey, V .S.</subfield>
    <subfield code="9">27575</subfield>
  </datafield>
  <datafield tag="245" ind1=" " ind2=" ">
    <subfield code="a">Taxmann's indirect taxes:</subfield>
    <subfield code="b">law and practice /</subfield>
    <subfield code="c">By  V,S. Datey.</subfield>
  </datafield>
  <datafield tag="250" ind1=" " ind2=" ">
    <subfield code="a">44th ed.</subfield>
  </datafield>
  <datafield tag="300" ind1=" " ind2=" ">
    <subfield code="a">I-13,729p. :</subfield>
    <subfield code="c">28cm.</subfield>
  </datafield>
  <datafield tag="650" ind1=" " ind2=" ">
    <subfield code="a">IGST CGST SGST and UTGST</subfield>
    <subfield code="9">27576</subfield>
  </datafield>
  <datafield tag="650" ind1=" " ind2=" ">
    <subfield code="a">Classification of goods and services</subfield>
    <subfield code="9">27577</subfield>
  </datafield>
  <datafield tag="650" ind1=" " ind2=" ">
    <subfield code="a">Supply of goods or services or both</subfield>
    <subfield code="9">27578</subfield>
  </datafield>
  <datafield tag="942" ind1=" " ind2=" ">
    <subfield code="2">ddc</subfield>
    <subfield code="c">BK</subfield>
    <subfield code="e">44th </subfield>
    <subfield code="k">336.294 DATV</subfield>
  </datafield>
  <datafield tag="999" ind1=" " ind2=" ">
    <subfield code="c">222179</subfield>
    <subfield code="d">222179</subfield>
  </datafield>
  <datafield tag="952" ind1=" " ind2=" ">
    <subfield code="0">0</subfield>
    <subfield code="1">0</subfield>
    <subfield code="2">ddc</subfield>
    <subfield code="4">0</subfield>
    <subfield code="7">0</subfield>
    <subfield code="8">MBA</subfield>
    <subfield code="a">AIMIT</subfield>
    <subfield code="b">AIMIT</subfield>
    <subfield code="d">2022-03-03</subfield>
    <subfield code="e">Biblios Book Point</subfield>
    <subfield code="g">1400.00</subfield>
    <subfield code="i">Bill no:6628; Bill dt:2024-03-23</subfield>
    <subfield code="l">0</subfield>
    <subfield code="o">336.294  DATV</subfield>
    <subfield code="p">MBA14405</subfield>
    <subfield code="r">2026-05-23 00:00:00</subfield>
    <subfield code="v">1120.00</subfield>
    <subfield code="w">2022-04-05</subfield>
    <subfield code="y">BK</subfield>
  </datafield>
  <datafield tag="952" ind1=" " ind2=" ">
    <subfield code="0">0</subfield>
    <subfield code="1">0</subfield>
    <subfield code="2">ddc</subfield>
    <subfield code="4">0</subfield>
    <subfield code="7">0</subfield>
    <subfield code="8">MBA</subfield>
    <subfield code="a">AIMIT</subfield>
    <subfield code="b">AIMIT</subfield>
    <subfield code="d">2022-03-24</subfield>
    <subfield code="e">Biblios Book Point</subfield>
    <subfield code="g">1400.00</subfield>
    <subfield code="i">Bill no:6628; Bill dt:2022-03-23</subfield>
    <subfield code="l">0</subfield>
    <subfield code="o">336.294  DATV</subfield>
    <subfield code="p">MBA14406</subfield>
    <subfield code="r">2026-05-23 00:00:00</subfield>
    <subfield code="v">1120.00</subfield>
    <subfield code="w">2022-04-05</subfield>
    <subfield code="y">BK</subfield>
  </datafield>
  <datafield tag="952" ind1=" " ind2=" ">
    <subfield code="0">0</subfield>
    <subfield code="1">0</subfield>
    <subfield code="2">ddc</subfield>
    <subfield code="4">0</subfield>
    <subfield code="7">0</subfield>
    <subfield code="8">MBA</subfield>
    <subfield code="a">AIMIT</subfield>
    <subfield code="b">AIMIT</subfield>
    <subfield code="d">2022-03-24</subfield>
    <subfield code="e">Biblios Book Point</subfield>
    <subfield code="g">1400.00</subfield>
    <subfield code="i">Bill no:6628; Bill dt:2022-03-23</subfield>
    <subfield code="l">0</subfield>
    <subfield code="o">336.294  DATV</subfield>
    <subfield code="p">MBA14407</subfield>
    <subfield code="r">2026-05-23 00:00:00</subfield>
    <subfield code="v">1120.00</subfield>
    <subfield code="w">2022-04-05</subfield>
    <subfield code="y">BK</subfield>
  </datafield>
  <datafield tag="952" ind1=" " ind2=" ">
    <subfield code="0">0</subfield>
    <subfield code="1">0</subfield>
    <subfield code="2">ddc</subfield>
    <subfield code="4">0</subfield>
    <subfield code="7">0</subfield>
    <subfield code="8">MBA</subfield>
    <subfield code="a">AIMIT</subfield>
    <subfield code="b">AIMIT</subfield>
    <subfield code="d">2022-03-24</subfield>
    <subfield code="e">Biblios Book Point</subfield>
    <subfield code="g">1400.00</subfield>
    <subfield code="i">Bill no:6628; Bill dt:2022-03-23</subfield>
    <subfield code="l">2</subfield>
    <subfield code="o">336.294  DATV</subfield>
    <subfield code="p">MBA14408</subfield>
    <subfield code="r">2026-05-23 00:00:00</subfield>
    <subfield code="s">2023-08-14</subfield>
    <subfield code="v">1120.00</subfield>
    <subfield code="w">2022-04-05</subfield>
    <subfield code="y">BK</subfield>
  </datafield>
  <datafield tag="952" ind1=" " ind2=" ">
    <subfield code="0">0</subfield>
    <subfield code="1">0</subfield>
    <subfield code="2">ddc</subfield>
    <subfield code="4">0</subfield>
    <subfield code="7">3</subfield>
    <subfield code="8">MBA</subfield>
    <subfield code="a">AIMIT</subfield>
    <subfield code="b">AIMIT</subfield>
    <subfield code="d">2022-03-24</subfield>
    <subfield code="e">Biblios Book Point</subfield>
    <subfield code="g">1400.00</subfield>
    <subfield code="i">Bill no:6628; Bill dt:2022-03-23</subfield>
    <subfield code="l">0</subfield>
    <subfield code="o">336.294  DATV</subfield>
    <subfield code="p">MBA14409</subfield>
    <subfield code="r">2025-07-21 00:00:00</subfield>
    <subfield code="v">1120.00</subfield>
    <subfield code="w">2022-04-05</subfield>
    <subfield code="y">BK</subfield>
  </datafield>
</record>
